La investigación-acción: un reto para el profesorado: guía práctica para grupos de trabajo, seminarios y equipos de investigación
Guardat en:
| Autor principal: | |
|---|---|
| Format: | Llibre |
| Idioma: | espanyol |
| Publicat: |
Barcelona
Inde Publicaciones
2000
|
| Edició: | 2a. ed |
| Matèries: | |
| Etiquetes: |
Afegir etiqueta
Sense etiquetes, Sigues el primer a etiquetar aquest registre!
|
MARC
| LEADER | 00000nam a2200000 a 4500 | ||
|---|---|---|---|
| 001 | UCM9738 | ||
| 003 | CL-VaPUC | ||
| 008 | 030516e20000000SP |||||||||||||||||spa|d | ||
| 082 | 0 | 4 | |a 370.78 |b BLA |2 21 |
| 100 | 0 | |a Blández Angel, Julia |e author |9 476305 | |
| 245 | 1 | 3 | |a La investigación-acción: un reto para el profesorado: guía práctica para grupos de trabajo, seminarios y equipos de investigación |
| 250 | |a 2a. ed | ||
| 300 | |a 196 p | ||
| 942 | |c BK | ||
| 945 | |d 20030516 00:00:00 |a rbrito | ||
| 260 | |a Barcelona |b Inde Publicaciones |c 2000 | ||
| 650 | 0 | |a Investigación educacional |9 261192 | |
| 650 | 7 | |a EXPERIMENTOS EDUCACIONALES |2 CL-VaPUC |9 338939 | |
| 650 | 0 | |a Modelos educacionales |9 339132 | |
| 650 | 0 | |a Investigación científica |9 259857 | |
| 583 | |a last modification |c 20030516 00:00:00 |k Rodrigo Vera | ||
| 999 | |c 303868 |d 303866 | ||
| 952 | |0 0 |1 0 |4 0 |6 370_780000000000000_BLA_2000 |7 0 |8 A |9 365445 |a BIBTEO |b BIBTEO |d 2019-11-21 |i 3848191 |o 370.78 BLA 2000 |p 3848191 |r 2025-01-17 |w 2019-11-21 |y BK |k ICR | ||
| 952 | |0 0 |1 0 |4 0 |6 370_780000000000000_BLA_2000 |7 0 |8 A |9 365446 |a BIBEDU |b BIBEDU |c ES_NOD |d 2019-11-21 |i 4497309 |o 370.78 BLA 2000 |p 4497309 |r 2023-08-09 |w 2019-11-21 |y BK |k EFI | ||